00627cam a2200193 a 450000100090000000300040000900500170001300800410003001000170007102000220008804000180011005000230012810000350015124500660018626000610025230000460031350000330035950400410039213328633OSt20240814104654.0030829r20031904nyu b 001 0 eng  a 2003276734 a978-971-655-475-5 aDLCcDLCdDLC aLB 1046b.F73 20151 aSercado, Virginia C. Esmilla-.14aSkills for a lifetime in TLE 9 /cVirginia C. Esmilla-Sercado aValenzuela City :bJO-ES Publishing House, Inc.,cc2015. a312 p. :c26 cm.bcolored illustrations ; aBased on K to 12 Curriculum. aIncludes bibliographical references.